000 01411nam a2200241Ia 4500
003 Ost
005 20260507074916.0
008 260507s9999||||xx |||||||||||||| ||und||
040 _cfsecg
041 _aara
082 _a658.5
100 _aحمود، خضير كاظم
_eمؤلف
245 0 _aإدارة الجودة الشاملة /
_c خضير كاظم حمود
250 _aطبعة 1 ؛ طبعة 4
260 _aعمان:
_bدار المسيرة,
_c2009
300 _a287 صفحة؛
_bإيضاحات ؛
_c24 سم
504 _aببليوغرافيا: ص.285
520 _aخصائص المجتمع الياباني، خصائص التجربة اليابانية، مؤشرات الانتاجية وتطورها، مفهوم واهمية الجودة الشاملة، التطور التاريخي لإدارة الجودة الشاملة، المنظمة الدولية للمواصفات، حلقات السيطرة النوعية، تصميم النظام المتكامل للسيطرة النوعية، خرائط السيطرة للمتغيرات، خرائط السيطرة للعوادم، خرائط السيطرة للعوادم، خرائط السيطرة للشوائب، عينات القبول، اقتصاديات الجودة الشاملة
653 _aجودة الانتاج
653 _aضبط الجودة
653 _aمراقبة الانتاج
942 _cكتاب
999 _c41769
_d41769